000 00929cas a22002777a 4500
005 20231010062646.0
008 990903d1986 br fr pernn 0 aub1por d
010 _a78989
011 _a79961
035 _a90396
245 0 0 _aCiencia Agronomica-Jaboticabal
_c/por Faculdade de Ciencias Agrarias e Veterinarias
260 0 _aJaboticabal, Sao Paulo :
_bFaculdade de Ciencias Agrarias e Veterinarias,
_c1986
300 _av.
310 _aSemestral
362 1 _av.8 n.1, 1993
590 _aBATCH-UPD
_b10
_c20130110
_lUCH01
_h0213
590 _aBATCH-UPD
_b10
_c20130409
_lUCH01
_h2230
590 _aBATCH-UPD
_b10
_c20130913
_lUCH01
_h2115
590 _aCONVERSION
_b10
_c20130109
_lUCH01
_h1344
650 1 7 _aAgricultura
_xPublicaciones periódicas
_2
_91772
866 _av.1 n.1-2 (1986)
866 _av.2 n.1 (1987)
866 _av.3 n.1-v.8 n.1 (1988-1992)
901 _aSE
905 _aMarco A. Mendoza T.
999 _c78989
_d78989